Muğla tarihi (Record no. 12793)

MARC details
000 -BAŞLIK
Sabit Uzunlukta Kontrol Alanı 00819na a2200289 4500
999 ## - SİSTEM KONTROL NUMARALARI (KOHA)
Koha Biblionumber 12793
Koha Biblioitemnumber 12793
001 - KONTROL NUMARASI
Denetim Alanı 16482
003 - KONTROL NUMARASI IDENTIFIER
Denetim Alanı MIRAKIL
005 - SON İŞLEM TARİHİ VE ZAMANI
Denetim Alanı 20190222175642.0
008 - SABİT-BOY VERİ ELEMANLARI - GENEL BİLGİLER
Sabit Uzunlukta Kontrol Alanı 161011b tu 000 0
020 ## - ULUSLARARASI STANDART KİTAP NUMARASI
Uluslararası Standart Kitap Numarası 9789944557436
040 ## - KATALOGLAMA KAYNAK
Orijinal Kataloglama Ajansı Milas
Kataloglama Dili tur
Metne Dönüştürmek Ajansı TR-AnCHP
041 ## - DİL KODU
Metin / Ses Parça Veya Ayrı Başlığın Dil Kodu tur
082 ## - DEWEY ONLU SINIFLANDIRMA NUMARASI
Sınıflandırma Numarası 956.214
Ürün Numarası E66m 2011
090 ## - SINIFLAMA NUMARASI
Sınıflama Numarası 956.214 E66m 2011
100 ## - ANA GİRİŞ - KİŞİSEL İSİM
Kişisel Ad Eroğlu, Zekai
245 ## - BAŞLIK TABLOSU
Başlık Muğla tarihi
Sorumluluk Tablosu, Vb Zekai Eroğlu
250 ## - EDITION TABLOSU
Baskı Beyanı 3. bs.
260 ## - YAYIN, DAĞITIM, VB
Yayın, Dağıtım, Vb Yeri Muğla
Yayıncı, Dağıtıcı, Vs Adı Muğla Belediyesi Kültür yayınları
Yayın, Dağıtım, Vb Tarihi 2011
300 ## - FİZİKSEL TANIM
Kapsam 334 s.
Diğer Fiziksel Ayrıntıları fotg.
Boyutlar 29 sm.
440 ## - SERİSİ TABLOSU / KATMA GİRİŞİ - BAŞLIK
Başlık Muğla Belediyesi Yayınları
Hacim / Ardışık Tanımı 7
490 ## - SERİSİ TABLOSU
Seri Beyanı Tarih Dizisi
Hacim / Ardışık Tanımı 3
504 ## - KAYNAKÇA VB NOT
Kaynakça Vb Notu Dizin var.
651 ## - KONU KATMA GİRİŞ - COĞRAFİ ADI
Coğrafi İsim Muğla
Genel Alt Bölümü Tarih
856 ## - ELEKTRONİK YER VE ERİŞİM
Kamu Notu Dijital Nüshası için Partimizin Kütüphane Sorumlusu ile iletişime geçiniz.
942 ## - EKLENDİ GİRİŞ ELEMANLARI (KOHA)
Sınıflandırma Veya Raf Düzeni Kaynak Dewey Decimal Classification
Koha Öğesi Türü Books
999 ## - SİSTEM KONTROL NUMARALARI (KOHA)
Koha Biblioitemnumber 3684
Holdings
Kalıcı Konum Mevcut Konum Edinme Tarihi Toplam Check-Out'Lar Tam Çağrı Numarası Barkod Tarih Son Görülme İtibaren Geçerli Fiyatlar Koha Öğesi Türü
Parti Okulu Kütüphanesi Parti Okulu Kütüphanesi 02/22/2019   956.214 E66m 2011 P00323 02/22/2019 02/22/2019 Books